[Event "Russian Championship (Rapid, Men)"]
[Site "Sochi"]
[Date "2018.10.05"]
[Round "5.5"]
[White "Oparin, Grigoriy"]
[Black "Esipenko, Andrey"]
[Result "1/2-1/2"]
[BlackElo "2605"]
[WhiteElo "2671"]
[LiveChessVersion "1.4.8"]

1. Nf3 {[%clk 0:15:18]} Nf6 {[%clk 0:15:17]} 2. c4 {[%clk 0:15:24]} g6
{[%clk 0:15:22]} 3. g3 {[%clk 0:15:32]} Bg7 {[%clk 0:15:24]} 4. Bg2
{[%clk 0:15:40]} c6 {[%clk 0:15:30]} 5. b3 {[%clk 0:15:31]} Ne4 {[%clk 0:15:34]}
6. d4 {[%clk 0:15:39]} d5 {[%clk 0:15:39]} 7. O-O O-O {[%clk 0:15:46]} 8. Bb2
{[%clk 0:15:55]} Bf5 {[%clk 0:15:12]} 9. e3 {[%clk 0:15:55]} Nd7 {[%clk 0:15:13]}
10. Qe2 {[%clk 0:15:58]} a5 {[%clk 0:15:15]} 11. Nc3 {[%clk 0:14:42]} e6
{[%clk 0:14:10]} 12. Nh4 {[%clk 0:14:14]} Nxc3 {[%clk 0:13:52]} 13. Bxc3
{[%clk 0:14:23]} a4 {[%clk 0:13:44]} 14. Nxf5 {[%clk 0:13:23]} gxf5
{[%clk 0:13:52]} 15. cxd5 {[%clk 0:13:31]} cxd5 {[%clk 0:14:01]} 16. Rfb1
{[%clk 0:13:07]} Qc7 {[%clk 0:13:50]} 17. Bb4 {[%clk 0:11:37]} Rfc8
{[%clk 0:13:58]} 18. bxa4 {[%clk 0:11:45]} Rxa4 {[%clk 0:13:22]} 19. Qb5
{[%clk 0:11:47]} Ra6 {[%clk 0:13:28]} 20. Bf1 {[%clk 0:11:20]} Rc6
{[%clk 0:13:02]} 21. a4 {[%clk 0:11:00]} b6 {[%clk 0:12:42]} 22. a5
{[%clk 0:08:46]} bxa5 {[%clk 0:12:43]} 23. Bxa5 {[%clk 0:08:55]} Qd6
{[%clk 0:12:36]} 24. Qb7 {[%clk 0:07:23]} Nf6 {[%clk 0:11:46]} 25. Bb5
{[%clk 0:06:48]} Rc2 {[%clk 0:11:52]} 26. Ba4 {[%clk 0:06:41]} R2c4
{[%clk 0:11:42]} 27. Bb5 {[%clk 0:05:33]} Rc2 {[%clk 0:11:50]} 28. Bb4
{[%clk 0:04:02]} Qc7 {[%clk 0:10:32]} 29. Qxc7 {[%clk 0:03:50]} R2xc7
{[%clk 0:10:32]} 30. Bd6 {[%clk 0:03:39]} Rc2 {[%clk 0:10:03]} 31. Ba6
{[%clk 0:02:49]} Rd8 {[%clk 0:09:45]} 32. Be7 {[%clk 0:02:51]} Re8
{[%clk 0:09:49]} 33. Bxf6 {[%clk 0:02:56]} 1/2-1/2

[Event "Russian Championship (Rapid, Men)"]
[Site "Sochi"]
[Date "2018.10.05"]
[Round "5.6"]
[White "Truskavetsky, Alexandr"]
[Black "Yuffa, Daniil"]
[Result "1-0"]
[BlackElo "2625"]
[WhiteElo "2366"]
[LiveChessVersion "1.4.8"]

1. d4 {[%clk 0:15:17]} Nf6 {[%clk 0:15:16]} 2. c4 {[%clk 0:15:25]} g6
{[%clk 0:15:23]} 3. g3 {[%clk 0:15:30]} c5 {[%clk 0:15:28]} 4. dxc5
{[%clk 0:15:25]} Qa5+ {[%clk 0:14:59]} 5. Nc3 {[%clk 0:15:32]} Bg7
{[%clk 0:12:48]} 6. Bg2 {[%clk 0:15:41]} O-O {[%clk 0:12:39]} 7. Qa4
{[%clk 0:13:09]} Qxc5 {[%clk 0:12:01]} 8. Nf3 {[%clk 0:13:11]} Nc6
{[%clk 0:11:56]} 9. Be3 {[%clk 0:11:22]} Qh5 {[%clk 0:11:18]} 10. h3
{[%clk 0:10:27]} d6 {[%clk 0:10:47]} 11. Ng5 {[%clk 0:10:23]} Ne5
{[%clk 0:09:21]} 12. f4 {[%clk 0:08:33]} Bd7 {[%clk 0:09:08]} 13. Qb3
{[%clk 0:08:31]} Nc6 {[%clk 0:07:24]} 14. g4 {[%clk 0:07:08]} Qh4+
{[%clk 0:06:47]} 15. Bf2 {[%clk 0:07:15]} Qh6 {[%clk 0:06:56]} 16. Nf3
{[%clk 0:05:24]} Na5 {[%clk 0:05:34]} 17. g5 {[%clk 0:04:01]} Nxb3
{[%clk 0:05:22]} 18. gxh6 {[%clk 0:04:10]} Nxa1 {[%clk 0:05:26]} 19. hxg7
{[%clk 0:04:18]} Rfc8 {[%clk 0:05:29]} 20. Kd2 {[%clk 0:03:16]} Rxc4
{[%clk 0:05:36]} 21. Bd4 {[%clk 0:02:00]} Nh5 {[%clk 0:04:20]} 22. Nd5
{[%clk 0:00:44]} Rc2+ {[%clk 0:04:29]} 23. Ke3 {[%clk 0:00:47]} Re8
{[%clk 0:03:48]} 24. Rxa1 {[%clk 0:00:52]} Ng3 {[%clk 0:03:34]} 25. Nc3
{[%clk 0:00:21]} Rxb2 {[%clk 0:02:35]} 26. Kd3 {[%clk 0:00:15]} Rc8
{[%clk 0:01:54]} 27. Nd2 {[%clk 0:00:20]} e5 {[%clk 0:01:16]} 28. fxe5
{[%clk 0:00:23]} dxe5 {[%clk 0:01:25]} 29. Bxe5 {[%clk 0:00:28]} Bf5+
{[%clk 0:00:43]} 30. Ke3 {[%clk 0:00:20]} Re8 {[%clk 0:00:52]} 31. Nc4
{[%clk 0:00:20]} Rb4 {[%clk 0:00:53]} 32. Nd5 {[%clk 0:00:14]} Rxe5+
{[%clk 0:00:19]} 33. Nxe5 {[%clk 0:00:23]} Rb2 {[%clk 0:00:28]} 34. Nc3
{[%clk 0:00:21]} Kxg7 {[%clk 0:00:34]} 35. Nd3 {[%clk 0:00:20]} Bxd3
{[%clk 0:00:39]} 36. Kxd3 {[%clk 0:00:28]} Nh5 {[%clk 0:00:48]} 37. Rf1
{[%clk 0:00:25]} f5 {[%clk 0:00:47]} 38. Bd5 {[%clk 0:00:33]} Rb4
{[%clk 0:00:52]} 39. e3 {[%clk 0:00:36]} Kf6 {[%clk 0:00:33]} 40. Bc4
{[%clk 0:00:44]} Ke5 {[%clk 0:00:38]} 41. Bg8 {[%clk 0:00:24]} Nf6
{[%clk 0:00:36]} 42. Bc4 {[%clk 0:00:32]} a6 {[%clk 0:00:14]} 43. Rb1
{[%clk 0:00:41]} Rxb1 44. Nxb1 {[%clk 0:00:50]} b5 {[%clk 0:00:28]} 45. Bf7
{[%clk 0:00:46]} Ne4 {[%clk 0:00:37]} 46. h4 {[%clk 0:00:32]} Nc5+
{[%clk 0:00:34]} 47. Ke2 {[%clk 0:00:32]} a5 {[%clk 0:00:20]} 48. Nd2
{[%clk 0:00:40]} f4 {[%clk 0:00:18]} 49. Be8 {[%clk 0:00:44]} Na4
{[%clk 0:00:16]} 50. Nf3+ {[%clk 0:00:29]} Kd5 {[%clk 0:00:16]} 51. exf4
{[%clk 0:00:22]} Nc3+ {[%clk 0:00:25]} 52. Ke3 {[%clk 0:00:30]} b4
{[%clk 0:00:18]} 53. Bf7+ {[%clk 0:00:36]} Kd6 {[%clk 0:00:21]} 54. Ng5
{[%clk 0:00:44]} a4 {[%clk 0:00:26]} 55. Kd3 {[%clk 0:00:34]} Nd5
{[%clk 0:00:17]} 56. Bxd5 {[%clk 0:00:25]} Kxd5 {[%clk 0:00:26]} 57. Nxh7
{[%clk 0:00:31]} Ke6 {[%clk 0:00:26]} 58. Ng5+ {[%clk 0:00:27]} Kf5
{[%clk 0:00:35]} 59. Ke3 {[%clk 0:00:20]} b3 {[%clk 0:00:37]} 60. axb3
{[%clk 0:00:29]} a3 {[%clk 0:00:36]} 61. Nf3 {[%clk 0:00:33]} a2 {[%clk 0:00:45]}
62. Nd4+ {[%clk 0:00:42]} Kg4 {[%clk 0:00:53]} 63. Nc2 {[%clk 0:00:51]} 1-0

[Event "Russian Championship (Rapid, Men)"]
[Site "Sochi"]
[Date "2018.10.05"]
[Round "5.8"]
[White "Sjugirov, Sanan"]
[Black "Gordievsky, Dmitry"]
[Result "1/2-1/2"]
[BlackElo "2498"]
[WhiteElo "2735"]
[LiveChessVersion "1.4.8"]

1. e4 {[%clk 0:15:02]} c5 {[%clk 0:15:20]} 2. Nf3 {[%clk 0:15:08]} g6
{[%clk 0:15:28]} 3. d4 {[%clk 0:15:05]} cxd4 {[%clk 0:15:36]} 4. Nxd4
{[%clk 0:15:13]} Nc6 {[%clk 0:15:45]} 5. c4 {[%clk 0:13:25]} Nf6 {[%clk 0:15:53]}
6. Nc3 {[%clk 0:13:34]} Nxd4 {[%clk 0:16:01]} 7. Qxd4 {[%clk 0:13:42]} d6
{[%clk 0:16:10]} 8. Be2 {[%clk 0:13:23]} Bg7 {[%clk 0:16:16]} 9. Be3
{[%clk 0:13:20]} O-O {[%clk 0:16:07]} 10. Qd2 {[%clk 0:13:22]} a5
{[%clk 0:14:49]} 11. Rc1 {[%clk 0:12:51]} a4 {[%clk 0:14:50]} 12. f3
{[%clk 0:12:57]} Qa5 {[%clk 0:14:41]} 13. Kf2 {[%clk 0:08:59]} Bd7
{[%clk 0:11:44]} 14. Rhd1 {[%clk 0:08:18]} Rfd8 {[%clk 0:09:28]} 15. Kg1
{[%clk 0:07:39]} Be6 {[%clk 0:08:28]} 16. Nd5 {[%clk 0:07:02]} Qxd2
{[%clk 0:08:27]} 17. Rxd2 {[%clk 0:07:06]} Nxd5 {[%clk 0:07:10]} 18. cxd5
{[%clk 0:07:14]} Bd7 {[%clk 0:04:58]} 19. Rc7 {[%clk 0:07:05]} b5
{[%clk 0:05:07]} 20. Rdc2 {[%clk 0:04:19]} b4 {[%clk 0:05:16]} 21. b3
{[%clk 0:03:22]} axb3 {[%clk 0:04:30]} 22. axb3 {[%clk 0:03:31]} Bc3
{[%clk 0:04:39]} 23. Kf2 {[%clk 0:03:20]} Kf8 {[%clk 0:02:27]} 24. Bd2
{[%clk 0:02:36]} Bxd2 {[%clk 0:01:30]} 25. Rxd2 {[%clk 0:02:44]} Ke8
{[%clk 0:01:39]} 26. Rd4 {[%clk 0:00:41]} Rdb8 {[%clk 0:01:31]} 27. Rc2
{[%clk 0:00:22]} Ra3 {[%clk 0:01:16]} 28. Rb2 {[%clk 0:00:32]} e5
{[%clk 0:00:16]} 29. Rc4 {[%clk 0:00:15]} Kd8 {[%clk 0:00:21]} 30. h4
{[%clk 0:00:19]} h6 {[%clk 0:00:15]} 31. g3 {[%clk 0:00:25]} Ra7 {[%clk 0:00:15]}
32. f4 {[%clk 0:00:30]} f6 {[%clk 0:00:21]} 33. Ke3 {[%clk 0:00:36]} Ra3
{[%clk 0:00:25]} 34. Kf2 {[%clk 0:00:33]} Ra7 {[%clk 0:00:25]} 35. Ke3
{[%clk 0:00:13]} Ra3 {[%clk 0:00:33]} 36. Bd3 {[%clk 0:00:14]} Ke7
{[%clk 0:00:15]} 37. Kf2 {[%clk 0:00:13]} g5 {[%clk 0:00:19]} 38. hxg5
{[%clk 0:00:15]} hxg5 {[%clk 0:00:28]} 39. fxg5 {[%clk 0:00:14]} fxg5
{[%clk 0:00:37]} 40. Ke3 {[%clk 0:00:22]} g4 {[%clk 0:00:41]} 41. Rc7
{[%clk 0:00:18]} Kd8 {[%clk 0:00:44]} 42. Rc4 {[%clk 0:00:18]} Ke7
{[%clk 0:00:53]} 43. Rc7 1/2-1/2

[Event "Russian Championship (Rapid, Men)"]
[Site "Sochi"]
[Date "2018.10.05"]
[Round "5.9"]
[White "Gutenev, Alexander"]
[Black "Tomashevsky, Evgeny"]
[Result "0-1"]
[BlackElo "2726"]
[WhiteElo "2463"]
[LiveChessVersion "1.4.8"]

1. e4 {[%clk 0:15:18]} c6 {[%clk 0:15:18]} 2. d4 {[%clk 0:15:26]} d5
{[%clk 0:15:27]} 3. Nd2 {[%clk 0:15:34]} dxe4 {[%clk 0:15:24]} 4. Nxe4
{[%clk 0:15:43]} Nf6 {[%clk 0:15:27]} 5. Nxf6+ {[%clk 0:15:49]} exf6
{[%clk 0:15:36]} 6. c3 {[%clk 0:15:54]} Bd6 {[%clk 0:15:41]} 7. Bd3
{[%clk 0:16:00]} O-O {[%clk 0:15:47]} 8. Qc2 {[%clk 0:16:08]} Re8+
{[%clk 0:15:56]} 9. Ne2 {[%clk 0:16:17]} h5 {[%clk 0:16:04]} 10. Be3
{[%clk 0:16:13]} Be6 {[%clk 0:15:28]} 11. O-O-O {[%clk 0:16:04]} Qa5
{[%clk 0:13:34]} 12. a3 {[%clk 0:15:56]} Nd7 {[%clk 0:13:06]} 13. Kb1
{[%clk 0:14:24]} b5 {[%clk 0:11:12]} 14. Nf4 {[%clk 0:14:02]} Bxf4
{[%clk 0:07:31]} 15. Bxf4 {[%clk 0:14:10]} Bd5 {[%clk 0:07:38]} 16. Rhg1
{[%clk 0:13:30]} Nf8 {[%clk 0:07:14]} 17. g4 {[%clk 0:06:15]} hxg4
{[%clk 0:07:22]} 18. Rxg4 {[%clk 0:05:55]} Qa4 {[%clk 0:07:31]} 19. Rdg1
{[%clk 0:05:23]} Qxc2+ {[%clk 0:07:28]} 20. Kxc2 {[%clk 0:05:29]} g6
{[%clk 0:07:35]} 21. Be3 {[%clk 0:05:04]} Ne6 {[%clk 0:06:53]} 22. Kd2
{[%clk 0:04:22]} Kf8 {[%clk 0:05:53]} 23. Rh4 {[%clk 0:03:04]} f5
{[%clk 0:05:52]} 24. Bf4 {[%clk 0:00:18]} Nxf4 {[%clk 0:05:08]} 25. Rxf4
{[%clk 0:00:27]} Ke7 {[%clk 0:05:16]} 26. Re1+ {[%clk 0:00:36]} Kf6
{[%clk 0:04:55]} 27. Rxe8 {[%clk 0:00:44]} Rxe8 {[%clk 0:05:03]} 28. h4
{[%clk 0:00:51]} a5 {[%clk 0:03:57]} 29. Be2 {[%clk 0:00:49]} g5 {[%clk 0:03:18]}
30. hxg5+ {[%clk 0:00:57]} Kxg5 {[%clk 0:03:26]} 31. Rf3 {[%clk 0:01:05]} Bxf3
{[%clk 0:03:30]} 32. Bxf3 {[%clk 0:01:14]} Re6 {[%clk 0:03:36]} 33. Kd3
{[%clk 0:01:22]} Kf6 {[%clk 0:02:09]} 34. b4 {[%clk 0:01:23]} axb4
{[%clk 0:01:30]} 35. axb4 {[%clk 0:01:31]} Ke7 {[%clk 0:01:39]} 36. d5
{[%clk 0:01:37]} cxd5 {[%clk 0:01:40]} 37. Bxd5 {[%clk 0:01:40]} Ra6
{[%clk 0:00:59]} 38. Kd4 {[%clk 0:01:28]} f6 {[%clk 0:01:08]} 39. Bg2
{[%clk 0:00:39]} Ra2 {[%clk 0:00:33]} 40. Bf1 {[%clk 0:00:48]} Rxf2
{[%clk 0:00:42]} 41. Bxb5 {[%clk 0:00:57]} f4 {[%clk 0:00:51]} 42. Bd3
{[%clk 0:00:29]} Rb2 {[%clk 0:00:14]} 43. b5 {[%clk 0:00:27]} f3 {[%clk 0:00:18]}
44. Ke3 {[%clk 0:00:30]} f2 {[%clk 0:00:15]} 45. Be2 {[%clk 0:00:26]} Rb3
{[%clk 0:00:24]} 46. Kxf2 {[%clk 0:00:30]} Rxc3 {[%clk 0:00:33]} 47. Ke1
{[%clk 0:00:22]} Kd6 {[%clk 0:00:27]} 48. Kd2 {[%clk 0:00:31]} Rh3
{[%clk 0:00:22]} 49. Bd3 {[%clk 0:00:30]} Kc5 {[%clk 0:00:19]} 50. Ke2
{[%clk 0:00:25]} Rg3 {[%clk 0:00:26]} 51. Kd2 {[%clk 0:00:19]} Kd4
{[%clk 0:00:34]} 52. Bf1 {[%clk 0:00:28]} Rf3 {[%clk 0:00:31]} 53. Be2
{[%clk 0:00:31]} Ra3 {[%clk 0:00:29]} 54. Bg4 {[%clk 0:00:23]} Ra2+
{[%clk 0:00:14]} 55. Kc1 {[%clk 0:00:29]} Kc5 {[%clk 0:00:15]} 56. Bd7
{[%clk 0:00:35]} Ra7 {[%clk 0:00:21]} 57. Bc6 {[%clk 0:00:42]} Re7
{[%clk 0:00:14]} 58. Kd2 {[%clk 0:00:48]} f5 {[%clk 0:00:23]} 59. Kd3
{[%clk 0:00:49]} f4 {[%clk 0:00:29]} 60. Kd2 {[%clk 0:00:53]} Re3
{[%clk 0:00:37]} 61. Bd7 {[%clk 0:00:50]} Kd4 {[%clk 0:00:45]} 62. b6
{[%clk 0:00:39]} Rb3 {[%clk 0:00:15]} 63. Ke2 {[%clk 0:00:43]} f3+
{[%clk 0:00:23]} 64. Kf2 {[%clk 0:00:47]} Ke4 {[%clk 0:00:32]} 65. Kg3
{[%clk 0:00:12]} Ke5 0-1

[Event "Russian Championship (Rapid, Men)"]
[Site "Sochi"]
[Date "2018.10.05"]
[Round "5.10"]
[White "Ponkratov, Pavel"]
[Black "Triapishko, Alexandr"]
[Result "0-1"]
[BlackElo "2493"]
[WhiteElo "2708"]
[LiveChessVersion "1.4.8"]

1. d4 {[%clk 0:15:16]} Nf6 {[%clk 0:15:12]} 2. c4 {[%clk 0:15:23]} g6
{[%clk 0:15:13]} 3. Nc3 {[%clk 0:15:29]} d5 {[%clk 0:15:21]} 4. cxd5
{[%clk 0:15:24]} Nxd5 {[%clk 0:15:29]} 5. e4 {[%clk 0:15:34]} Nxc3
{[%clk 0:15:36]} 6. bxc3 {[%clk 0:15:42]} Bg7 {[%clk 0:15:44]} 7. Qa4+
{[%clk 0:15:41]} Qd7 {[%clk 0:15:08]} 8. Qxd7+ {[%clk 0:15:07]} Nxd7
{[%clk 0:14:49]} 9. Rb1 {[%clk 0:15:10]} O-O {[%clk 0:13:31]} 10. Nf3
{[%clk 0:15:07]} c5 {[%clk 0:11:03]} 11. Bg5 {[%clk 0:13:53]} h6 {[%clk 0:10:28]}
12. Be3 {[%clk 0:13:29]} Nb6 {[%clk 0:09:54]} 13. Bb5 {[%clk 0:11:47]} a6
{[%clk 0:09:18]} 14. Bd3 {[%clk 0:10:18]} Na4 {[%clk 0:09:11]} 15. Kd2
{[%clk 0:10:09]} b5 {[%clk 0:08:48]} 16. Rhc1 {[%clk 0:10:02]} Rd8
{[%clk 0:06:51]} 17. Bc2 {[%clk 0:06:10]} Nb6 {[%clk 0:06:05]} 18. Bb3
{[%clk 0:05:59]} e6 {[%clk 0:02:02]} 19. Ke1 {[%clk 0:05:49]} Bb7
{[%clk 0:01:32]} 20. Nd2 {[%clk 0:03:06]} Rac8 {[%clk 0:00:59]} 21. f3
{[%clk 0:02:34]} g5 {[%clk 0:00:40]} 22. dxc5 {[%clk 0:01:52]} Nd7
{[%clk 0:00:49]} 23. c4 {[%clk 0:01:54]} Nxc5 {[%clk 0:00:29]} 24. Bc2
{[%clk 0:01:31]} Nd3+ {[%clk 0:00:12]} 25. Bxd3 {[%clk 0:01:38]} Rxd3
{[%clk 0:00:21]} 26. Ke2 {[%clk 0:00:54]} Ra3 {[%clk 0:00:26]} 27. Rc2
{[%clk 0:00:57]} Bc6 {[%clk 0:00:14]} 28. Kf2 {[%clk 0:00:22]} Be8
{[%clk 0:00:19]} 29. Rb3 {[%clk 0:00:25]} Ra4 {[%clk 0:00:22]} 30. c5
{[%clk 0:00:34]} f5 {[%clk 0:00:24]} 31. Ke2 {[%clk 0:00:35]} Bc6
{[%clk 0:00:21]} 32. Rd3 {[%clk 0:00:32]} Be5 {[%clk 0:00:16]} 33. g3
{[%clk 0:00:31]} Kf7 {[%clk 0:00:18]} 34. Kf2 {[%clk 0:00:19]} f4
{[%clk 0:00:24]} 0-1

[Event "Russian Championship (Rapid, Men)"]
[Site "Sochi"]
[Date "2018.10.05"]
[Round "5.11"]
[White "Hasangatin, Ramil"]
[Black "Matlakov, Maxim"]
[Result "1/2-1/2"]
[BlackElo "2678"]
[WhiteElo "2451"]
[LiveChessVersion "1.4.8"]

1. e4 {[%clk 0:15:17]} c5 {[%clk 0:15:19]} 2. Nf3 {[%clk 0:15:26]} Nc6
{[%clk 0:15:27]} 3. Bb5 {[%clk 0:15:34]} g6 {[%clk 0:15:32]} 4. O-O
{[%clk 0:15:23]} Bg7 {[%clk 0:15:40]} 5. c3 {[%clk 0:15:32]} Nf6 {[%clk 0:15:45]}
6. Qa4 {[%clk 0:15:41]} O-O {[%clk 0:15:21]} 7. d4 {[%clk 0:15:49]} cxd4
{[%clk 0:13:57]} 8. cxd4 {[%clk 0:15:58]} d5 {[%clk 0:13:06]} 9. e5
{[%clk 0:16:04]} Ne4 {[%clk 0:13:15]} 10. Bxc6 {[%clk 0:15:07]} bxc6
{[%clk 0:13:24]} 11. Qxc6 {[%clk 0:15:13]} Rb8 {[%clk 0:13:24]} 12. Nbd2
{[%clk 0:13:42]} Bf5 {[%clk 0:13:05]} 13. Qa4 {[%clk 0:12:06]} Qc7
{[%clk 0:11:41]} 14. Qa3 {[%clk 0:11:31]} f6 {[%clk 0:06:04]} 15. Nb3
{[%clk 0:10:53]} Bg4 {[%clk 0:05:44]} 16. exf6 {[%clk 0:08:05]} Rxf6
{[%clk 0:04:10]} 17. Ne5 {[%clk 0:06:55]} Be2 {[%clk 0:04:13]} 18. Be3
{[%clk 0:05:35]} Bxf1 {[%clk 0:02:48]} 19. Rxf1 {[%clk 0:05:43]} Qb7
{[%clk 0:01:29]} 20. Na5 {[%clk 0:04:29]} Qxb2 {[%clk 0:01:26]} 21. Qxe7
{[%clk 0:03:54]} Rbf8 {[%clk 0:01:24]} 22. Ng4 {[%clk 0:02:25]} R6f7
{[%clk 0:01:29]} 23. Qe6 {[%clk 0:02:29]} Kh8 {[%clk 0:01:00]} 24. Nc6
{[%clk 0:02:05]} Qe2 {[%clk 0:00:26]} 25. Nce5 {[%clk 0:01:33]} Rf5
{[%clk 0:00:35]} 26. h3 {[%clk 0:00:47]} Nd2 {[%clk 0:00:38]} 27. Rc1
{[%clk 0:00:26]} Nc4 {[%clk 0:00:44]} 28. Nxc4 {[%clk 0:00:18]} dxc4
{[%clk 0:00:53]} 29. Qxc4 {[%clk 0:00:27]} Qxc4 {[%clk 0:00:53]} 30. Rxc4
{[%clk 0:00:36]} Ra5 {[%clk 0:00:56]} 31. a4 {[%clk 0:00:43]} Kg8
{[%clk 0:00:53]} 32. Nh6+ {[%clk 0:00:33]} Kh8 {[%clk 0:00:59]} 33. Ng4
{[%clk 0:00:39]} Rd5 {[%clk 0:00:54]} 34. Ne5 {[%clk 0:00:45]} Kg8
{[%clk 0:00:57]} 35. Nc6 {[%clk 0:00:35]} Rd7 {[%clk 0:01:03]} 36. d5
{[%clk 0:00:36]} Re8 {[%clk 0:01:09]} 37. Bxa7 {[%clk 0:00:27]} Rxd5
{[%clk 0:01:17]} 38. Be3 {[%clk 0:00:28]} Bf6 {[%clk 0:01:12]} 39. a5
{[%clk 0:00:35]} Ra8 {[%clk 0:01:20]} 40. g3 {[%clk 0:00:30]} Rd6
{[%clk 0:01:22]} 41. Bb6 {[%clk 0:00:34]} Kg7 {[%clk 0:01:18]} 42. Nb4
{[%clk 0:00:30]} g5 {[%clk 0:01:26]} 43. Kg2 {[%clk 0:00:39]} h5 {[%clk 0:01:30]}
44. Nc2 {[%clk 0:00:17]} Kg6 {[%clk 0:01:34]} 45. Ne3 {[%clk 0:00:26]} Bd8
{[%clk 0:01:38]} 46. Bxd8 {[%clk 0:00:24]} Raxd8 {[%clk 0:01:47]} 47. Rc5
{[%clk 0:00:33]} Rf8 {[%clk 0:01:49]} 48. g4 {[%clk 0:00:23]} hxg4
{[%clk 0:01:37]} 49. Nxg4 {[%clk 0:00:30]} Rf5 {[%clk 0:01:36]} 50. Rxf5
{[%clk 0:00:26]} Kxf5 {[%clk 0:01:45]} 51. Kg3 {[%clk 0:00:33]} Rd4
{[%clk 0:01:46]} 52. Ne3+ {[%clk 0:00:32]} Kg6 {[%clk 0:01:54]} 53. Ng4
{[%clk 0:00:37]} Ra4 {[%clk 0:02:01]} 54. f3 {[%clk 0:00:35]} Rxa5
{[%clk 0:02:08]} 55. h4 {[%clk 0:00:43]} gxh4+ {[%clk 0:02:08]} 56. Kxh4
{[%clk 0:00:52]} Ra3 {[%clk 0:02:02]} 57. Kg3 {[%clk 0:01:01]} Kg5
{[%clk 0:02:11]} 58. Nf2 {[%clk 0:01:07]} Kf5 {[%clk 0:02:18]} 59. Ng4
{[%clk 0:01:15]} Ke5 {[%clk 0:01:07]} 1/2-1/2

[Event "Russian Championship (Rapid, Men)"]
[Site "Sochi"]
[Date "2018.10.05"]
[Round "5.12"]
[White "Alekseenko, Kirill"]
[Black "Drygalov, Sergey"]
[Result "1-0"]
[BlackElo "2467"]
[WhiteElo "2668"]
[LiveChessVersion "1.4.8"]

1. e4 {[%clk 0:15:19]} c5 {[%clk 0:15:18]} 2. Nf3 {[%clk 0:15:24]} e6
{[%clk 0:15:26]} 3. d4 {[%clk 0:15:31]} cxd4 {[%clk 0:15:34]} 4. Nxd4
{[%clk 0:15:40]} Nc6 {[%clk 0:15:43]} 5. Nc3 {[%clk 0:15:47]} a6 {[%clk 0:15:51]}
6. Be2 {[%clk 0:15:54]} Qc7 {[%clk 0:15:54]} 7. O-O {[%clk 0:15:59]} Nf6
{[%clk 0:16:02]} 8. Be3 {[%clk 0:16:08]} Be7 {[%clk 0:15:52]} 9. f4 d6 10. a4
{[%clk 0:16:25]} O-O {[%clk 0:15:30]} 11. Kh1 {[%clk 0:16:33]} Nxd4
{[%clk 0:15:06]} 12. Qxd4 {[%clk 0:16:39]} e5 {[%clk 0:14:56]} 13. Qd2
{[%clk 0:16:35]} exf4 {[%clk 0:13:12]} 14. Bxf4 {[%clk 0:16:42]} Be6
{[%clk 0:13:06]} 15. Rfd1 {[%clk 0:15:33]} Rad8 {[%clk 0:12:58]} 16. a5
{[%clk 0:15:21]} Rfe8 {[%clk 0:11:19]} 17. Bf3 {[%clk 0:15:15]} Qc8
{[%clk 0:09:57]} 18. Rac1 {[%clk 0:14:14]} Ng4 {[%clk 0:09:01]} 19. Bxg4
{[%clk 0:10:11]} Bxg4 {[%clk 0:09:10]} 20. Rf1 {[%clk 0:10:19]} Be6
{[%clk 0:08:56]} 21. Nd5 {[%clk 0:09:24]} Bxd5 {[%clk 0:08:43]} 22. Qxd5
{[%clk 0:09:21]} Bf6 {[%clk 0:08:42]} 23. c3 {[%clk 0:07:51]} Re6
{[%clk 0:08:16]} 24. Rcd1 {[%clk 0:07:41]} Qc6 {[%clk 0:07:27]} 25. Rfe1
{[%clk 0:07:24]} h6 {[%clk 0:07:29]} 26. Kg1 {[%clk 0:06:39]} Qc7
{[%clk 0:04:01]} 27. Re2 {[%clk 0:05:30]} Be5 {[%clk 0:04:06]} 28. Be3
{[%clk 0:05:29]} Rde8 {[%clk 0:03:49]} 29. Bf2 {[%clk 0:03:44]} Rg6
{[%clk 0:03:17]} 30. Bb6 {[%clk 0:03:17]} Qe7 {[%clk 0:02:58]} 31. Rf1
{[%clk 0:03:13]} Rg5 {[%clk 0:02:34]} 32. Qd3 {[%clk 0:03:19]} Bf6
{[%clk 0:01:31]} 33. Re3 {[%clk 0:01:42]} Re5 {[%clk 0:01:06]} 34. Bd4
{[%clk 0:01:40]} Rxe4 {[%clk 0:01:03]} 35. Rxe4 {[%clk 0:01:38]} Qxe4
{[%clk 0:01:12]} 36. Qxe4 {[%clk 0:01:47]} Rxe4 {[%clk 0:01:19]} 37. Bxf6
{[%clk 0:01:56]} gxf6 {[%clk 0:01:23]} 38. Rxf6 {[%clk 0:02:05]} Re1+
{[%clk 0:01:22]} 39. Kf2 {[%clk 0:02:09]} Rb1 {[%clk 0:01:10]} 40. b4
{[%clk 0:02:10]} Rd1 {[%clk 0:00:34]} 41. Ke2 {[%clk 0:01:59]} Rd5
{[%clk 0:00:21]} 42. Rxh6 {[%clk 0:02:05]} Kf8 {[%clk 0:00:22]} 43. Rh8+
{[%clk 0:02:09]} Ke7 {[%clk 0:00:21]} 44. Rb8 {[%clk 0:02:17]} Rb5
{[%clk 0:00:30]} 45. g4 {[%clk 0:02:16]} Kf6 {[%clk 0:00:15]} 46. h4
{[%clk 0:02:21]} Kg7 {[%clk 0:00:24]} 47. Ke3 {[%clk 0:02:24]} Kf6
{[%clk 0:00:31]} 48. Kd4 {[%clk 0:02:01]} Ke7 {[%clk 0:00:32]} 49. h5
{[%clk 0:01:40]} Rg5 {[%clk 0:00:29]} 50. Rxb7+ {[%clk 0:01:41]} Ke6
{[%clk 0:00:39]} 51. Rb6 {[%clk 0:01:40]} Rxg4+ {[%clk 0:00:45]} 52. Kd3
{[%clk 0:01:49]} f5 {[%clk 0:00:40]} 53. Rxa6 {[%clk 0:01:54]} Rg3+
{[%clk 0:00:29]} 54. Kd2 {[%clk 0:02:02]} f4 {[%clk 0:00:31]} 55. Ra8
{[%clk 0:02:05]} Rg2+ {[%clk 0:00:12]} 56. Ke1 {[%clk 0:02:09]} Rh2
{[%clk 0:00:18]} 57. a6 {[%clk 0:02:15]} Ra2 {[%clk 0:00:13]} 58. h6
{[%clk 0:02:11]} 1-0